• 首页
  • 本馆介绍
  • 公告通知
  • 最新文献
  • 馆藏检索
  • 电子资源
  • 读者导购
  • 参考咨询
  • 我的图书馆
  • 登录
  • 详细信息显示
  • 放入我的书架
  • 预约/预借图书
  • 作者相关作品
  • 分类相关作品
  • 丛书相关作品
  • 出版社相关作品

书目信息

  • 表格格式
  • 工作单格式
  • 卡片格式
题名:
形意之间
    
 
作者: 李砚祖 主编 ;芦影 编著
分册:  
出版信息: 北京   中国人民大学出版社  2016
页数: 378页
开本: 21cm
丛书名: 明德书系
单 册:
中图分类: J505
科图分类:
主题词: 平面设计--ping mian she ji--美术评论
电子资源:
ISBN: 978-7-300-21264-7
000 01100nam0 22002891 450
001 0109172431
005 20170309172431.0
010    @a978-7-300-21264-7@dCNY49.80
100    @a20160325d2016 em y0chiy50 ea
101 0  @achi
102    @aCN@b110000
105    @aa z 000yy
106    @ar
200 1  @a形意之间@9xing yi zhi jian@e平面设计欣赏@dGraphic design appreciation@f李砚祖主编@g芦影编著@zeng
210    @a北京@c中国人民大学出版社@d2016
215    @a378页@c图@d21cm
225 2  @a明德书系@9ming de shu xi@i艺术坊
330    @a本书以平面设计的历史为主线,从形式语言、视觉传播、设计经典、观念与风格等方面展开论述,勾画出不同社会背景下平面设计发展的脉络和轨迹,呈现图形艺术的开放性思维和历史性探索,诠释设计经典的美学意涵。
461  0 @12001 @a明德书系
510 1  @aGraphic design appreciation@zeng
517 1  @a平面设计欣赏@9ping mian she ji xin shang
606 0  @a平面设计@9ping mian she ji@x美术评论
690    @aJ505@v5
701  0 @a李砚祖@9li yan zu@f(1954~)@4主编
702  0 @a芦影@9lu ying@4编著
801  0 @aCN@bTANGWEI@c20170308
905    @b0953520-3@dJ505@e404@f4
    
    形意之间:平面设计欣赏=Graphic design appreciation/李砚祖主编/芦影编著.-北京:中国人民大学出版社,2016
    378页:图;21cm.-(明德书系.艺术坊)
    
    
    ISBN 978-7-300-21264-7:CNY49.80
    本书以平面设计的历史为主线,从形式语言、视觉传播、设计经典、观念与风格等方面展开论述,勾画出不同社会背景下平面设计发展的脉络和轨迹,呈现图形艺术的开放性思维和历史性探索,诠释设计经典的美学意涵。
●
相关链接 在E读中查询图书 在五车中查询图书 在当当中查询图书 在豆瓣中查询图书


正题名:形意之间     索取号:J505/404         预约/预借

序号 登录号 条形码 馆藏地/架位号 状态 备注
1 0953520   209535207   第一样本阅览室/ [索取号:J505/404] 在馆    
2 0953521   209535216   第一借阅区/ [索取号:J505/404] 在馆    
3 0953522   209535225   第一借阅区/ [索取号:J505/404] 在馆    
4 0953523   209535234   第一借阅区/ [索取号:J505/404] 在馆    
唐山师范学院图书馆 欢迎您!
大连网信软件有限公司© 版权所有